| 000 | 01263nam a2200277 i 4500 | ||
|---|---|---|---|
| 001 | bg | ||
| 245 | 0 | 0 |
_aGaz bezpiecznym i ekologicznie czystym nośnikiem energii : _b[seminarium Oszczędzamy energię] / _cpod. red. Wojciecha Nowaka ; org. Wydział Inżynierii i Ochrony Środowiska Politechniki Częstochowskiej. Katedra Ochrony Atmosfery we współpr. z Wojewódzkim Funduszem Ochrony Środowiska i Gospodarki Wodnej w Częstochowie. |
| 260 |
_aCzęstochowa : _bWydaw. PC, _c1997. |
||
| 300 |
_a113 s. : _brys., wykr. ; _c24 cm. |
||
| 490 | 1 |
_aKonferencje / Politechnika Częstochowska, _x1234-9895 ; _v18 |
|
| 504 | _aBibliogr. przy ref. | ||
| 650 | 9 |
_aInstalacje gazowe _xzagadnienia |
|
| 650 | 9 |
_aWentylacja _xbudownictwo _xzagadnienia |
|
| 655 | _aMateriały konferencyjne | ||
| 700 | 1 |
_aNOWAK, Wojciech. _eRed. |
|
| 710 | 0 |
_aPolitechnika Częstochowska _bWydział Inżynierii i Ochrony Środowiska (Częstochowa) |
|
| 710 | 0 | _aWOJEWÓDZKI FUNDUSZ OCHRONY ŚRODOWISKA I GOSPODARKI WODNEJ (Częstochowa) | |
| 830 | 0 |
_aKonferencje (Politechnika Częstochowska) ; _v18 |
|
| 020 | _a8371930038 | ||
| 040 | _cBPK | ||
| 041 | 0 | _apl | |
| 080 | _a696+697](061.3) | ||
| 920 | _a83-7193-003-8 | ||
| 942 | _cKS | ||
| 008 | s pl f |000 0 pol | ||
| 999 |
_c32804 _d32804 |
||
| 856 |
_uhttp://koha.tu.koszalin.pl/cgi-bin/koha/opac-detail.pl?biblionumber=32804 _yKatalog online BPK |
||